000 00288nam a2200121Ia 4500
008 210707s9999 xx 000 0 und d
041 _aeng
082 _aCD186
100 _aELECTRONICS FOR YOU
245 _aELECTRONICS FOR YOU
650 _aElectronics
906 _aELECTRONICS FOR YOU
999 _c177220
_d177220